000 00538nmm a2200193Ia 4500
008 251105s9999||||xx |||||||||||||||||und||
041 _aspa
100 _aSlawomirski, Jerzy
245 0 _aMatar a otro perro
264 _a[Madrid, España] :
_bMalpaso Ediciones,
_c2016
300 _a203 páginas
490 _aNarrativa Extranjera
650 _aOther narratives
700 _aSlawomirski, Jerzy
700 1 _a Rubió, Anna
700 1 _a Hlasko, Marek
856 _uhttps://public.digitaliapublishing.com/a/88209
942 _cCF
999 _c71519
_d71519